Responses for show #5223 - Wednesday, May 2, 2007

2007 College Championship quarterfinal game 3.
From the University of Southern California.

Contestants

Pete Troyan, a senior from the University of Michigan

Ashley Grand, a freshman from Harvard University

Cliff Galiher, a sophomore from UCLA

Jeopardy! Round responses

INVENTORS HALL OF FAME 2007
GOING DOWNTOWN
TERM PAPYRUS
COLLEGE HODGEPODGE
THE MOVIES
HOMOPHONES
    $200 29
long play

Pete
    $200 6
Chicago

Cliff
    $200 24
Aramaic

Ashley
    $200 11
birds

Ashley
    $200 1
Quentin Tarantino

Pete
    $200 16
wring/ring

Pete
    $400 30
DNA

Pete
    $400 7
Philadelphia

Ashley
    $400 25
epistles

Pete
    $400 12
Santa Fe

Pete
    $400 2
Hugh Grant

Cliff
    $400 20
booty/bootie

Cliff
    $600 17
airbags

Pete
    $600 8
Detroit

Cliff
    $600 26
the Book of the Dead

Cliff
    $600 13
Arizona State

Pete
    $600 3
Disturbia

Pete
    $600 21
him/hymn

Ashley
    $800 18
bioluminescence

Cliff
    $800 9
Seattle

Triple Stumper
    $2,000 27
Aristotle

Cliff
    $800 14
dance

Cliff
    $800 4
The Last Mimzy

Cliff
    $800 22
clue/clew

Ashley
    $1000 19
steroids

Ashley
    $1000 10
Atlanta

Pete
    $1000 28
(Thor) Heyerdahl

Cliff
    $1000 15
Pennsylvania

Cliff
    $1000 5
Pan's Labyrinth

Ashley
    $1000 23
grown/groan

Triple Stumper

Scores at the first commercial break (after clue 15):

Cliff Ashley Pete
$3,800 $1,600 $2,800

Scores at the end of the Jeopardy! Round:

Cliff Ashley Pete
$8,600 $4,200 $4,600

Double Jeopardy! Round responses

HAIKU GOES COUNTRY!
(Alex: You have the identify the country for us.)
SHORT FICTION
BEFORE HE WAS PRESIDENT...
SURF'S UP
HISTORICAL TV
ENDS WITH "UM"
    $400 1
Australia

Ashley
    $400 29
Hemingway

Cliff
    $400 27
Grant

Pete
    $400 28
(Cliff: What are legs?)
(Pete: What are your arms?)

your toes

CliffAshleyPete
    $400 23
Deadwood

Cliff
    $400 30
a plum

Cliff
    $800 2
Austria

Cliff
    $800 26
The Dubliners

Pete
    $800 25
Reagan

Pete
    $800 24
penguins

Ashley
    $800 22
The Tudors

Cliff
    $800 21
a septum

Pete
    $1200 3
Colombia

Cliff
    $1200 20
"The Devil and Daniel Webster"

Pete
    $5,000 10
(Gerald) Ford

Cliff
    $1200 11
(James) Cook

Cliff
    $1200 6
the plague

Pete
    $1200 14
an addendum

Cliff
    $1600 4
(Cliff: What is Germany?)

Sweden

CliffAshley
    $2,500 18
"The Purloined Letter"

Pete
    $1600 9
(Ashley: Who is Thomas Jefferson?)

Madison

CliffAshley
    $1600 12
ego

Pete
    $1600 7
Rwanda

Ashley
    $1600 15
the Mausoleum

Cliff
    $2000 5
Uganda

Pete
    $2000 19
"The Gift of the Magi"

Pete
    $2000 17
Hoover

Pete
    $2000 13
Jack London

Pete
    $2000 8
Band of Brothers

Pete
    $2000 16
Ilium

Pete

Scores at the end of the Double Jeopardy! Round:

Cliff Ashley Pete
$21,200 $7,400 $25,500

Final Jeopardy! Round responses

WORD ORIGINS
AshleyWhat skip
$2,400
CliffWhat is hookie?
$4,400
PeteWhat is cheat?
$501
plagiarism

Final scores:

Cliff Ashley Pete
$16,800 $5,000 $24,999
2nd place: $5,000 if eliminated 3rd place: $5,000 if eliminated Automatic semifinalist

Game dynamics:

Coryat scores:

Cliff Ashley Pete
$16,200 $7,400 $24,600
22 R
(including 2 DDs),
2 W
12 R,
1 W
24 R
(including 1 DD),
1 W

Combined Coryat: $48,200

The J! Archive is created by fans, for fans. The Jeopardy! game show and all elements thereof, including but not limited to copyright and trademark thereto, are the property of Jeopardy Productions, Inc. and are protected under law. This website is not affiliated with, sponsored by, or operated by Jeopardy Productions, Inc. Join the discussion at JBoard.tv.